[Event "Asia Cities-ch 20th"]
[Site "Bhubaneswar"]
[Date "2017.08.26"]
[Round "1.4"]
[White "Liu, Yeh Yang"]
[Black "Ooi, Zhi Yang"]
[Result "0-1"]
[WhiteElo "2026"]
[BlackElo "2141"]
[PlyCount "82"]
[EventDate "2017.08.26"]
[EventType "team-swiss"]
[EventRounds "9"]
[EventCountry "IND"]
[SourceTitle "CBM 180 Extra"]
[Source "ChessBase"]
[SourceDate "2017.10.06"]
[SourceVersion "1"]
[SourceVersionDate "2017.10.06"]
[SourceQuality "1"]
[WhiteTeam "Chinese Taipei"]
[BlackTeam "Penang"]
[WhiteTeamCountry "TPE"]
[BlackTeamCountry "MAS"]

1. e4 e5 2. Nf3 Nc6 3. d4 exd4 4. Nxd4 Bc5 5. Be3 Qf6 6. c3 Nge7 7. Bc4 0-0 8. 0-0 b6 9. Nb5 Bxe3 10. fxe3 Qe5 11. Qf3 Ba6 12. a4 Kh8 13. N1a3 Bb7 14. Rad1 a6 15. Nd4 f6 16. Bd3 Qg5 17. Nc4 Ng6 18. Qe2 Nce5 19. Nf3 Qh6 20. Kh1 d6 21. b4 Nxd3 22. Qxd3 Rae8 23. Ncd2 Ne5 24. Nxe5 Rxe5 25. Rf4 Rfe8 26. Rdf1 Qg6 27. Qc4 R8e7 28. R1f3 d5 29. Qd4 c5 30. Qd3 dxe4 31. Qd8+ Re8 32. Rxf6 gxf6 33. Qxf6+ Qxf6 34. Rxf6 R5e6 35. Rf7 R6e7 36. Rf6 Rd8 37. Nf1 cxb4 38. cxb4 Rd1 39. Kg1 Kg7 40. Rxb6 Rf7 41. h3 Rdxf1+ 0-1

[Event "Commonwealth-ch"]
[Site "New Delhi"]
[Date "2017.07.04"]
[Round "2"]
[White "Ooi, Zhi Yang"]
[Black "Kunte, Abhijit"]
[Result "0-1"]
[WhiteElo "2203"]
[BlackElo "2504"]
[PlyCount "131"]
[EventDate "2017.07.03"]
[EventType "swiss"]
[EventRounds "9"]
[EventCountry "IND"]
[SourceTitle "CBM 179 Extra"]
[Source "ChessBase"]
[SourceDate "2017.08.23"]
[SourceVersion "1"]
[SourceVersionDate "2017.08.23"]
[SourceQuality "1"]

1. d4 Nf6 2. c4 e6 3. Nf3 b6 4. g3 Bb7 5. Bg2 Bb4+ 6. Nbd2 c5 7. a3 Bxd2+ 8. Qxd2 cxd4 9. Qxd4 Nc6 10. Qh4 0-0 11. 0-0 Rc8 12. b4 a5 13. Bb2 Ne8 14. b5 Qxh4 15. gxh4 Ne7 16. Rfd1 d6 17. Bd4 Rb8 18. Rac1 Ba8 19. Bb2 f5 20. a4 e5 21. Ba3 Bxf3 22. Bxf3 Rf6 23. Bd5+ Kf8 24. Rc3 Rc8 25. Bb7 Rc7 26. Bf3 e4 27. Bg2 Ng6 28. Bc1 Nxh4 29. Bg5 Nxg2 30. Bxf6 Nf4 31. e3 Ne2+ 32. Kf1 Nxc3 33. Bxc3 Rxc4 34. Bd4 Rxa4 35. Bxb6 Ke7 36. Bd4 Rb4 37. b6 Nf6 38. Rc1 Nd5 39. Rc8 Nxb6 40. Rh8 g5 41. Rxh7+ Ke6 42. Rh6+ Kd7 43. Rf6 f4 44. Bxb6 Rb1+ 45. Kg2 f3+ 46. Kh3 Rxb6 47. Rf5 Ra6 48. Rxg5 a4 49. Rg1 a3 50. Ra1 a2 51. Kg4 Ke6 52. h4 Kf6 53. h5 Kg7 54. Kh4 Kh6 55. Kg4 Kh7 56. Kh4 Kh6 57. Kg4 Ra5 58. Kf4 d5 59. Kf5 Kg7 60. Rg1+ Kf7 61. Ra1 Ra6 62. Ke5 Ra4 63. Kf5 Ra5 64. Ke5 Kg7 65. Kf4 Kf6 66. Kg4 0-1